LEADER 00868nam0-22002771i-450- 001 990006140980403321 005 19980601 035 $a000614098 035 $aFED01000614098 035 $a(Aleph)000614098FED01 035 $a000614098 100 $a19980601d1960----km-y0itay50------ba 105 $a--------00-yy 200 1 $aASSOCIAZIONE europea di libero scambio (E.F.T.A.)$econvenzione e annessi$fintroduzione di Errezero. 210 $aPadova$cCedam$d1960 215 $a306 p.$d24 cm 225 1 $aPubblicazioni della Società italiana per l'organizzazione internazionale$iDocumenti$v12 676 $a341.7543 801 0$aIT$bUNINA$gRICA$2UNIMARC 901 $aBK 912 $a990006140980403321 952 $aX O 25 (12)$b62371$fFGBC 959 $aFGBC 996 $aASSOCIAZIONE europea di libero scambio (E.F.T.A.$9643123 997 $aUNINA DB $aGIU01 LEADER 00981nam0 22002651i 450 001 UON00049350 005 20231205102219.162 100 $a20020107d1964 |0itac50 ba 101 $aeng 102 $aGB 105 $a|||| 1|||| 200 1 $aCostume in antiquity$f480 illustrations introduced by James Laver 210 $aLondon$cThames and Hudson$d1964 215 $a139 p.$cill.$d24 cm 606 $aCOSTUMI ORIENTALI$3UONC016872$2FI 620 $aGB$dLondon$3UONL003044 686 $aINT IX F$cINTERAREALE - ARTI - ARTI TESSILI$2A 702 1$aLAVER$bJames$3UONV031171 712 $aThames & Hudson$3UONV259509$4650 801 $aIT$bSOL$c20240220$gRICA 899 $aSIBA - SISTEMA BIBLIOTECARIO DI ATENEO$2UONSI 912 $aUON00049350 950 $aSIBA - SISTEMA BIBLIOTECARIO DI ATENEO$dSI INT IX F 002 $eSI ARC636 7 002 996 $aCostume in antiquity$91146896 997 $aUNIOR LEADER 04655nam 22009495 450 001 996309102303316 005 20240402072705.0 010 $a3-486-98960-X 010 $a1-306-93574-1 010 $a3-486-78032-8 024 7 $a10.1524/9783486780321 035 $a(CKB)2550000001326132 035 $a(SSID)ssj0001432486 035 $a(PQKBManifestationID)11888178 035 $a(PQKBTitleCode)TC0001432486 035 $a(PQKBWorkID)11389765 035 $a(PQKB)10081014 035 $a(MiAaPQ)EBC1642768 035 $a(DE-B1597)224741 035 $a(OCoLC)979836767 035 $a(DE-B1597)9783486780321 035 $a(oapen)https://directory.doabooks.org/handle/20.500.12854/41561 035 $a(EXLCZ)992550000001326132 100 $a20190723d2014 fg 101 0 $ager 135 $aurcnu|||||||| 181 $ctxt 182 $cc 183 $acr 200 10$aAuf dem Weg zur Normalität $eKonflikt und Verständigung in den deutsch-französischen Beziehungen der 1970er Jahre /$fDirk Petter; Institut Historique Allemand Paris 205 $a1st ed. 210 $cDe Gruyter$d2014 210 1$aMünchen ;$aWien :$cDe Gruyter Oldenbourg,$d[2014] 210 4$d©2014 215 $a1 online resource (395 pages) 225 0 $aPariser Historische Studien ;$v103 300 $aBibliographic Level Mode of Issuance: Monograph 311 $a3-486-76386-5 311 $a3-486-81125-8 320 $aIncludes bibliographical references and index. 327 $tFrontmatter --$tInhaltsverzeichnis --$tDank und Dedikation --$t1. Einleitung --$t2. Infrastrukturen der Annäherung zwischen Frankreich und Westdeutschland um 1970 --$t3. Zeiten des Konflikts: Belastungsproben für das deutschfranzösische Verhältnis in den 1970er Jahren --$t4. Ende einer Völkerfreundschaft? Franzosen und Deutsche seit den späten 1970er Jahren --$t5. Schlussbetrachtung: auf dem Weg zur Normalität --$tAbkürzungen und Verzeichnisse --$tQuellen- und Literaturverzeichnis --$tPersonenregister 330 $aDirk Petter legt in seinem Buch neue Facetten der viel zitierten "Erbfreundschaft" zwischen der Bundesrepublik Deutschland und Frankreich frei. Die deutsch-französischen Beziehungen der 1970er Jahre sind in der heutigen Wahrnehmung vor allem durch das erfolgreiche politische Handeln des "Tandems" aus Valéry Giscard d'Estaing und Helmut Schmidt gekennzeichnet. Dagegen werden die Konflikte, die sich in einer Reihe öffentlicher Auseinandersetzungen äußerten, kaum erinnert. Jenseits der "großen Politik" richtet Petter sein Augenmerk auf den Annäherungsprozess zwischen Deutschen und Franzosen und untersucht das Wirken ausgewählter Akteure des staatlichen wie gesellschaftlichen Bereichs. In den Kontroversen der 1970er Jahre waren sie es, die versuchten, Brücken über den Rhein zu schlagen. Um die Beziehungen dauerhaft zu stabilisieren, wurde insbesondere der kulturelle Austausch gefördert. Der Autor legt das Wechselspiel von Konflikt und Verständigung offen, fragt nach den Ergebnissen der Freundschaftsbemühungen und ordnet die 1970er Jahre in den Kontext der deutsch-französischen Nachkriegsbeziehungen ein. Er erschließt ein Jahrzehnt, dem eine richtungweisende Funktion auf dem Weg zur deutsch-französischen Normalität der Gegenwart zukommt. 410 0$aPariser historische Studien ;$vBand 103. 606 $a20. Jahrhundert 606 $aDeutschland 606 $aFrance 606 $aFrankreich 606 $aGermany 606 $aGiscard d'Estaing, Valéry 606 $aHelmut Schmidt 606 $aSchmidt, Helmut 606 $aTwentieth century 606 $aValéry Giscard d'Estaing 606 $aHISTORY / General$2bisacsh 607 $aGermany (West)$xForeign relations$zFrance 607 $aFrance$xForeign relations$zGermany (West) 610 $aFrance. 610 $aGermany. 610 $aHelmut Schmidt. 610 $aTwentieth century. 610 $aValéry Giscard d'Estaing. 615 4$a20. Jahrhundert. 615 4$aDeutschland. 615 4$aFrance. 615 4$aFrankreich. 615 4$aGermany. 615 4$aGiscard d'Estaing, Valéry. 615 4$aHelmut Schmidt. 615 4$aSchmidt, Helmut. 615 4$aTwentieth century. 615 4$aValéry Giscard d'Estaing. 615 7$aHISTORY / General. 676 $a327.43044 686 $aNQ 6200$2rvk 700 $aPetter$b Dirk$00 702 $aInstitut Historique Allemand Paris 801 0$bDE-B1597 801 1$bDE-B1597 906 $aBOOK 912 $a996309102303316 996 $aAuf dem Weg zur Normalität$91999520 997 $aUNISA LEADER 01067nas 2200397 c 450 001 9910894206803321 005 20260218111809.0 035 $a(DE-599)ZDB3049600-7 035 $a(OCoLC)1229187065 035 $a(DE-101)1224496906 035 $a(CKB)2660000000037049 035 $a(DE-599)3049600-7 035 $a(EXLCZ)992660000000037049 100 $a20210105a20129999 |y | 101 0 $acze 135 $aur||||||||||| 181 $ctxt$2rdacontent 182 $cc$2rdamedia 183 $acr$2rdacarrier 200 00$aMuseologica Brunensia$eMB 210 31$aBrno$cMasarykova Univerzita$d2012- 215 $aOnline-Ressource 300 $aRefereed/Peer-reviewed 311 08$a1805-4722 517 1 $aMuseologica Brunensia: ve?decky? recenzovany? muzeologicky? c?asopis 608 $aZeitschrift$2gnd-content 676 $a060 676 $a700 676 $a720 801 0$b9001 801 1$bDE-101 801 2$b9999 906 $aJOURNAL 912 $a9910894206803321 996 $aMuseologica Brunensia$94343766 997 $aUNINA